Sanace výrobních programů podniků.
Sanácia ako stratégia zameraná na prežitie a obnovu prosperity podnikov ohrozených ekonomickým kolapsom a bankrotom. Korene hrozby bankrotov a spôsob riadenia podnikov. Predchádzanie vzniku ekonomických kolapsov. Celopodniková sanačná stratégia v oblasti výrobného programu.
Uložené v:
| Hlavný autor: | |
|---|---|
| Médium: | Kapitola |
| Jazyk: | Czech |
| Predmet: | |
| Tagy: |
Žiadne tagy, Buďte prvý, kto otaguje tento záznam!
|
MARC
| LEADER | 00000naa a2200000 4500 | ||
|---|---|---|---|
| 001 | r012455 | ||
| 005 | 20220826093537.6 | ||
| 041 | 0 | |a cze | |
| 044 | |a CZ | ||
| 245 | 1 | 0 | |a Sanace výrobních programů podniků. |c Radim Vlček |
| 520 | |a Sanácia ako stratégia zameraná na prežitie a obnovu prosperity podnikov ohrozených ekonomickým kolapsom a bankrotom. Korene hrozby bankrotov a spôsob riadenia podnikov. Predchádzanie vzniku ekonomických kolapsov. Celopodniková sanačná stratégia v oblasti výrobného programu. | ||
| 610 | 2 | 0 | |a programy výrobné |
| 610 | 2 | 0 | |a podnik výrobný |
| 610 | 2 | 0 | |a bankrot |
| 610 | 2 | 0 | |a riadenie podnikové |
| 610 | 2 | 0 | |a stratégia podniková |
| 610 | 2 | 0 | |a revitalizácia |
| 100 | 1 | |a Vlček, Radim | |